[Event "Mittelfranken Landesliga Sued 2122"]
[Site "Mittelfranken"]
[Date "2022.03.13"]
[Round "6.5"]
[White "Romfeld, Michael"]
[Black "Kindtner, Ulrich"]
[Result "1-0"]
[WhiteElo "2140"]
[BlackElo "2196"]
[PlyCount "82"]
[EventDate "2021.10.24"]
[EventType "team-tourn"]
[EventRounds "9"]
[EventCountry "GER"]
[SourceTitle "EXT 2024"]
[Source "ChessBase"]
[SourceDate "2023.10.10"]
[SourceVersion "1"]
[SourceVersionDate "2023.10.10"]
[SourceQuality "1"]
[WhiteTeam "Haunstetten"]
[BlackTeam "Muenchen SC II"]
[WhiteTeamCountry "GER"]
[BlackTeamCountry "GER"]

1. e4 g6 2. d4 Bg7 3. Nc3 c6 4. Bc4 d6 5. Qf3 e6 6. Nge2 Qe7 7. h4 Nf6 8. Bb3 Nbd7 9. Be3 e5 10. d5 Nb6 11. Bxb6 axb6 12. Qe3 b5 13. f3 Bd7 14. dxc6 bxc6 15. Rd1 Rd8 16. g4 0-0 17. h5 Be6 18. h6 Bh8 19. Ng3 Bxb3 20. axb3 b4 21. Nce2 Qe6 22. Qb6 d5 23. Qxb4 Rb8 24. exd5 cxd5 25. Qd2 e4 26. Nd4 Qe8 27. 0-0 exf3 28. Rxf3 Nxg4 29. Qg5 Ne5 30. Rf2 Qd7 31. Ngf5 Rfe8 32. c3 Kf8 33. Nh4 Ng4 34. Rf4 Ne3 35. Rd2 Re5 36. Qg3 Rbe8 37. Rdf2 R8e7 38. Nxg6+ hxg6 39. Qxg6 Re4 40. h7 Bg7 41. Qh6 Bxh6 1-0

[Event "Mittelfranken Landesliga Sued 2122"]
[Site "Mittelfranken"]
[Date "2021.10.24"]
[Round "1.6"]
[White "Czap, Bernard"]
[Black "Romfeld, Michael"]
[Result "0-1"]
[WhiteElo "2057"]
[BlackElo "2140"]
[PlyCount "76"]
[EventDate "2021.10.24"]
[EventType "team-tourn"]
[EventRounds "9"]
[EventCountry "GER"]
[SourceTitle "EXT 2024"]
[Source "ChessBase"]
[SourceDate "2023.10.10"]
[SourceVersion "1"]
[SourceVersionDate "2023.10.10"]
[SourceQuality "1"]
[WhiteTeam "Unterhaching"]
[BlackTeam "Haunstetten"]
[WhiteTeamCountry "GER"]
[BlackTeamCountry "GER"]

1. c4 Nf6 2. g3 e5 3. Bg2 c6 4. Nf3 Qc7 5. Nc3 Be7 6. 0-0 0-0 7. e4 d6 8. d4 Bg4 9. Be3 Nbd7 10. Qc2 Bxf3 11. Bxf3 Rfe8 12. Rac1 exd4 13. Bxd4 Nf8 14. Rfd1 Ne6 15. Be3 b6 16. Rd2 Rad8 17. Rcd1 Nd7 18. Be2 Ndf8 19. f4 Nc5 20. b4 Nb7 21. a3 Bf6 22. Bf3 a5 23. Na4 c5 24. Nc3 Bxc3 25. Qxc3 axb4 26. axb4 cxb4 27. Qxb4 Nc5 28. f5 Nfd7 29. Rxd6 Ne5 30. Rxd8 Nxf3+ 31. Kg2 Rxd8 32. Rxd8+ Qxd8 33. Kxf3 Qd1+ 34. Kg2 Qe2+ 35. Bf2 Qxf2+ 36. Kxf2 Nd3+ 37. Ke3 Nxb4 38. Kd4 Kf8 0-1

[Event "Regionalliga SW 1516"]
[Site "Bayern"]
[Date "2015.11.15"]
[Round "3.3"]
[White "Romfeld, Michael"]
[Black "Jussupow, Alexander"]
[Result "0-1"]
[WhiteElo "2085"]
[BlackElo "2135"]
[PlyCount "76"]
[EventDate "2015.10.11"]
[EventType "team-tourn"]
[EventRounds "9"]
[EventCountry "GER"]
[SourceTitle "EXT 2018"]
[Source "ChessBase"]
[SourceDate "2017.10.13"]
[SourceVersion "1"]
[SourceVersionDate "2017.10.13"]
[SourceQuality "1"]
[WhiteTeam "Haunstetten"]
[BlackTeam "Krumbach"]
[WhiteTeamCountry "GER"]
[BlackTeamCountry "GER"]

1. e4 e6 2. d4 d5 3. e5 c5 4. f4 cxd4 5. Nf3 Nc6 6. a3 f6 7. Bd3 Qc7 8. Qe2 Nh6 9. b4 fxe5 10. fxe5 Nf7 11. Bf4 g5 12. Nxg5 Nxg5 13. Bxg5 Qxe5 14. Qxe5 Nxe5 15. Bf6 Nxd3+ 16. cxd3 Rg8 17. 0-0 Bg7 18. Nd2 Bd7 19. Bxg7 Rxg7 20. Nf3 Ke7 21. Nxd4 Rag8 22. Rf2 e5 23. Re1 Kd6 24. Nf3 Re8 25. Rfe2 Rge7 26. d4 e4 27. Ne5 Rxe5 28. dxe5+ Kxe5 29. Re3 Bc6 30. Rh3 d4 31. Rh5+ Kd6 32. Kf2 Re5 33. Rxh7 e3+ 34. Ke2 Kd5 35. Rc1 Bb5+ 36. Kd1 b6 37. Rxa7 d3 38. a4 Rf5 0-1

[Event "Regionalliga SW 1516"]
[Site "Bayern"]
[Date "2015.10.25"]
[Round "2.3"]
[White "Dirr, Ulrich"]
[Black "Romfeld, Michael"]
[Result "1-0"]
[WhiteElo "2197"]
[BlackElo "2085"]
[PlyCount "63"]
[EventDate "2015.10.11"]
[EventType "team-tourn"]
[EventRounds "9"]
[EventCountry "GER"]
[SourceTitle "EXT 2018"]
[Source "ChessBase"]
[SourceDate "2017.10.13"]
[SourceVersion "1"]
[SourceVersionDate "2017.10.13"]
[SourceQuality "1"]
[WhiteTeam "MSA Zugzwang II"]
[BlackTeam "Haunstetten"]
[WhiteTeamCountry "GER"]
[BlackTeamCountry "GER"]

1. Nf3 d5 2. c4 e6 3. g3 c6 4. b3 f5 5. Bg2 Nf6 6. 0-0 Be7 7. d3 0-0 8. Qc2 Nbd7 9. Bb2 Qe8 10. Nbd2 Qh5 11. Rae1 g5 12. e3 Rb8 13. Nd4 Nb6 14. f4 Bd7 15. c5 Na8 16. N2f3 g4 17. Ne5 Nc7 18. b4 Be8 19. a4 Rc8 20. Qc3 Qh6 21. Nb3 Qg7 22. Qd2 h5 23. Na5 Rb8 24. e4 h4 25. exf5 exf5 26. Qe3 d4 27. Qxd4 Nfd5 28. Qc4 b6 29. Naxc6 Bxc6 30. Nxc6 Qxb2 31. Nxe7+ Kg7 32. Nxd5 1-0

[Event "Regionalliga SW 1516"]
[Site "Bayern"]
[Date "2015.10.11"]
[Round "1.4"]
[White "Dorendorf, Hagen"]
[Black "Romfeld, Michael"]
[Result "0-1"]
[WhiteElo "2099"]
[BlackElo "2085"]
[PlyCount "68"]
[EventDate "2015.10.11"]
[EventType "team-tourn"]
[EventRounds "9"]
[EventCountry "GER"]
[SourceTitle "EXT 2018"]
[Source "ChessBase"]
[SourceDate "2017.10.13"]
[SourceVersion "1"]
[SourceVersionDate "2017.10.13"]
[SourceQuality "1"]
[WhiteTeam "Haar"]
[BlackTeam "Haunstetten"]
[WhiteTeamCountry "GER"]
[BlackTeamCountry "GER"]

1. d4 d5 2. c4 c6 3. Nc3 Nf6 4. Nf3 e6 5. e3 Bd6 6. Bd3 Nbd7 7. 0-0 0-0 8. e4 dxc4 9. Bxc4 e5 10. Bg5 h6 11. Bh4 Qe7 12. Re1 Rd8 13. d5 Nb6 14. Qb3 Nxc4 15. Qxc4 g5 16. Nxg5 hxg5 17. Bxg5 Bg4 18. h3 Bh5 19. g4 Bg6 20. Re3 cxd5 21. Nxd5 Nxd5 22. Bxe7 Nxe3 23. fxe3 Bxe7 24. Qb5 Rac8 25. Qxe5 Bc5 26. Qg5 Rd2 27. Kf1 Bf8 28. h4 Kh7 29. h5 Bxe4 30. Qf4 Bd3+ 31. Kg1 Rcc2 32. Qxf7+ Bg7 33. Qxb7 Rxb2 34. Qd5 Rg2+ 0-1

[Event "Regionalliga SW 1415"]
[Site "Bayern"]
[Date "2015.02.01"]
[Round "6.5"]
[White "Joerg, Harald"]
[Black "Romfeld, Michael"]
[Result "0-1"]
[WhiteElo "2076"]
[BlackElo "2085"]
[PlyCount "74"]
[EventDate "2014.10.19"]
[EventType "team-tourn"]
[EventRounds "9"]
[EventCountry "GER"]
[SourceTitle "EXT 2018"]
[Source "ChessBase"]
[SourceDate "2017.10.13"]
[SourceVersion "1"]
[SourceVersionDate "2017.10.13"]
[SourceQuality "1"]
[WhiteTeam "Muenchen Siemens"]
[BlackTeam "Haunstetten"]
[WhiteTeamCountry "GER"]
[BlackTeamCountry "GER"]

1. e4 c5 2. Nc3 Nc6 3. f4 g6 4. Nf3 Bg7 5. g3 e6 6. Bg2 Nge7 7. 0-0 d5 8. d3 0-0 9. Kh1 Rb8 10. Qe2 b5 11. Qf2 d4 12. Ne2 f5 13. e5 Nb4 14. Neg1 Qb6 15. Rd1 Rd8 16. a3 Nbc6 17. c3 Bb7 18. Ne2 Rd7 19. cxd4 cxd4 20. Bd2 h6 21. Rac1 Rbd8 22. h3 a5 23. g4 b4 24. Ng3 Ba6 25. gxf5 exf5 26. Nh4 Kh7 27. Qf3 Bb7 28. Qe2 Rf8 29. Rg1 Nd8 30. Bxb7 Qxb7+ 31. Kh2 Ne6 32. axb4 axb4 33. Rg2 Rc8 34. Rcg1 Rc2 35. Qd1 b3 36. Ne2 Nf8 37. Nf3 Qxf3 0-1

[Event "Regionalliga SW 0102"]
[Site "Bayern"]
[Date "2002.04.14"]
[Round "8.1"]
[White "Zahn, Wolfgang"]
[Black "Romfeld, Michael"]
[Result "1-0"]
[WhiteElo "2170"]
[BlackElo "2115"]
[PlyCount "67"]
[EventDate "2001.10.07"]
[EventType "team"]
[EventRounds "9"]
[EventCountry "GER"]
[SourceTitle "EXT 2003"]
[Source "ChessBase"]
[SourceDate "2002.11.25"]
[SourceVersion "1"]
[SourceVersionDate "2002.11.25"]
[SourceQuality "1"]
[WhiteTeam "Pasing II"]
[BlackTeam "Bobingen"]
[WhiteTeamCountry "GER"]
[BlackTeamCountry "GER"]

1. e4 c6 2. d4 d5 3. Nd2 g6 4. c3 Bg7 5. Ngf3 Nh6 6. h3 f6 7. Bd3 0-0 8. 0-0 Nf7 9. Re1 Qd6 10. a4 Re8 11. c4 Nd7 12. exd5 cxd5 13. Qb3 b6 14. cxd5 f5 15. a5 Bb7 16. Re6 Qc7 17. a6 Bc8 18. d6 Nc5 19. dxc5 Bxe6 20. dxc7 Bxb3 21. Nxb3 bxc5 22. Bb5 Rf8 23. Bd7 c4 24. Nc5 Ne5 25. Be6+ Kh8 26. Nxe5 Bxe5 27. Nd7 Bxc7 28. Nxf8 Rxf8 29. Be3 Be5 30. Bxa7 Bxb2 31. Ra2 Be5 32. Bxc4 Rc8 33. Bf1 f4 34. Bb6 1-0

[Event "Regionalliga SW 0102"]
[Site "Bayern"]
[Date "2002.01.20"]
[Round "4.1"]
[White "Romfeld, Michael"]
[Black "Dengler, Peter"]
[Result "0-1"]
[WhiteElo "2115"]
[BlackElo "2240"]
[PlyCount "106"]
[EventDate "2001.10.07"]
[EventType "team"]
[EventRounds "9"]
[EventCountry "GER"]
[SourceTitle "EXT 2003"]
[Source "ChessBase"]
[SourceDate "2002.11.25"]
[SourceVersion "1"]
[SourceVersionDate "2002.11.25"]
[SourceQuality "1"]
[WhiteTeam "Bobingen"]
[BlackTeam "Unterhaching"]
[WhiteTeamCountry "GER"]
[BlackTeamCountry "GER"]

1. e4 d5 2. exd5 Qxd5 3. Qf3 Qa5 4. Qc3 Qxc3 5. Nxc3 Nf6 6. Nge2 c6 7. b3 Bf5 8. d3 e6 9. Bb2 Be7 10. Ng3 Bg6 11. Be2 Nbd7 12. a4 0-0 13. 0-0 Nd5 14. Nxd5 cxd5 15. f4 Rac8 16. Bd1 Bc5+ 17. Kh1 Rfe8 18. Rf3 f6 19. d4 Bd6 20. Rc1 h5 21. h4 e5 22. Rf1 exf4 23. Nxh5 Re4 24. Bf3 Rce8 25. c4 Kf7 26. Kg1 Bh7 27. c5 Bb8 28. g3 fxg3 29. Bxe4 Rxe4 30. Rc3 Re2 31. Bc1 Be4 32. Rd1 Rh2 33. Kf1 Rh1+ 34. Ke2 g2 35. Be3 g6 36. b4 gxh5 37. Bf2 f5 38. b5 f4 39. Rg1 f3+ 40. Rxf3+ Bxf3+ 41. Kxf3 Rh3+ 42. Kxg2 Ra3 43. Re1 Rxa4 44. Be3 Nf6 45. Bg5 Ne4 46. Rf1+ Ke6 47. Rf8 Ra2+ 48. Kf1 Bg3 49. Re8+ Kf5 50. Rd8 Nxg5 51. Rxd5+ Ke4 52. Rxg5 Kf3 53. Rf5+ Bf4 0-1